| 000 | 00619cam a2200229 a 4500 | ||
|---|---|---|---|
| 001 | 479363 | ||
| 005 | 20180820044014.0 | ||
| 008 | 840614s1985 nyua b 001 0 eng | ||
| 010 | _a 84012598 | ||
| 020 |
_a0937858544 : _c$14.95 |
||
| 020 |
_a0937858552 (pbk.) : _c$8.95 |
||
| 040 |
_aDLC _cDLC _dDLC |
||
| 041 | _aeng | ||
| 080 | _a649.122 | ||
| 082 | 0 | 0 |
_a649.122 _219 |
| 100 | 1 | _a50 | |
| 101 | _aPSI | ||
| 245 | 1 | 0 |
_aYour child at play. _pTwo to three years / _cMarilyn Segal and Don Adcock. |
| 504 | _aBibliography: p. 189-190. | ||
| 906 |
_a7 _bcbc _corignew _d1 _eocip _f19 _gy-gencatlg |
||
| 942 |
_2ddc _cBK |
||
| 999 |
_c47222 _d47222 |
||